| 000 | 00357cam a2200145ua 4500 | ||
|---|---|---|---|
| 003 | OSt | ||
| 005 | 20260213114543.0 | ||
| 008 | 260213b |||||||| |||| 00| 0 eng d | ||
| 041 | _aeng | ||
| 082 |
_a621.37 _bGAT/IN |
||
| 245 | _aGate papers: Instrumentation engineering | ||
| 260 |
_aNew Delhi : _bG K publishers , _c2007. |
||
| 300 | _a ; . | ||
| 942 | _cBK | ||
| 999 |
_c13326 _d13326 |
||